000 00304nam a22001337a 4500
020 _a978-9356349087
082 _a425
_bOSW/E
245 _aXI ENGLISH CORE
_bCBSE QUESTION BANK
250 _a19
260 _aAGRA
_bOSWALL BOOKS
300 _a199
650 _aENGLISH QUESTION BANK XI
_zDELHI
942 _cBK
999 _c6873
_d6873